000 00208 a2200097 4500
020 _a9781877727627
041 _aeng
100 _aRosario Aguilar
245 _aThe lost chronicles of tierra firma
942 _cBK
999 _c13783
_d13783